[Event "Eliteserien 2008-2009"]
[Site "Haraldsheim"]
[Date "2008.11.07"]
[Round "5"]
[White "Kveinys, Aloyzas"]
[Black "Øgaard, Leif"]
[Result "1/2-1/2"]
[WhiteElo "2600"]
[BlackElo "2372"]
[PlyCount "83"]
[EventDate "2008.??.??"]

1. d4 d5 2. c4 e6 3. Nc3 Be7 4. Nf3 Nf6 5. Bf4 O-O 6. e3 c5 7. dxc5 Bxc5 8.
cxd5 Nxd5 9. Nxd5 exd5 10. a3 Nc6 11. Bd3 Bb6 12. O-O Bg4 13. h3 Bh5 14. b4 a6
15. Rc1 d4 16. g4 Bg6 17. e4 Re8 18. Nd2 Bc7 19. Bxc7 Qxc7 20. f4 f6 21. Qf3
Rac8 22. Rc2 Qe7 23. Rfc1 Na7 24. Rxc8 Rxc8 25. Rxc8+ Nxc8 26. Qf2 Qd6 27. Nb3
Bf7 28. Nxd4 a5 29. Qe3 axb4 30. Nf5 Qf8 31. axb4 g6 32. Ng3 Qxb4 33. e5 fxe5
34. Qxe5 Qd6 35. Qc3 Ne7 36. Ne4 Qb6+ 37. Kh2 Nd5 38. Qe5 Qe3 39. Nf6+ Kh8 40.
Ne4+ Kg8 41. Nf6+ Kh8 42. Ne4+ 
1/2-1/2

[Event "Eliteserien 2008-2009"]
[Site "Haraldsheim"]
[Date "2008.11.07"]
[Round "5"]
[White "Moen, Andreas G.R."]
[Black "Thomassen, Joachim"]
[Result "0-1"]
[WhiteElo "2341"]
[BlackElo "2308"]
[PlyCount "70"]
[EventDate "2008.??.??"]

1. e4 c5 2. Nf3 d6 3. d4 cxd4 4. Nxd4 Nf6 5. Nc3 a6 6. Be3 e6 7. f3 b5 8. g4 h6
9. Qd2 Nbd7 10. O-O-O Bb7 11. h4 b4 12. Na4 d5 13. Bh3 g5 14. hxg5 hxg5 15. e5
Nxe5 16. Bxg5 Be7 17. Qe2 Ned7 18. Rde1 Rc8 19. Bd2 Rc4 20. g5 Rxd4 21. gxf6
Nxf6 22. Bxe6 Rdh4 23. Rxh4 Rxh4 24. Bg5 Ne4 25. Bxh4 Bxh4 26. Bxd5 Qxd5 27.
Rd1 Qh5 28. Nc5 Bc6 29. Nxe4 Kf8 30. Rd6 Bb5 31. Qd1 Be7 32. Rd5 Qh3 33. Nd6
Bc6 34. Rf5 f6 35. Ne4 Qxf5 
0-1

[Event "Eliteserien 2008-2009"]
[Site "Haraldsheim"]
[Date "2008.11.07"]
[Round "5"]
[White "Forså, Espen"]
[Black "Trygstad, Kristian D."]
[Result "0-1"]
[WhiteElo "2313"]
[BlackElo "2319"]
[PlyCount "80"]
[EventDate "2008.??.??"]

1. d4 f5 2. Bg5 g6 3. c4 Bg7 4. Nc3 c5 5. d5 d6 6. Qc2 Nf6 7. Nf3 Nbd7 8. h3
O-O 9. e3 Qa5 10. Bd3 b5 11. O-O bxc4 12. Bxc4 Nb6 13. Nd2 Nxc4 14. Nxc4 Qb4
15. Na3 Ba6 16. Rfd1 h6 17. Bxf6 Bxf6 18. Nab1 Rab8 19. Rd2 Kg7 20. Qa4 Qxa4
21. Nxa4 Rb4 22. Nbc3 Rfb8 23. a3 Bxc3 24. Nxc3 Rxb2 25. Rxb2 Rxb2 26. Rb1 Rc2
27. Nb5 Bxb5 28. Rxb5 Kf6 29. f4 e6 30. dxe6 Kxe6 31. Ra5 Kd5 32. Rxa7 c4 33.
a4 c3 34. Rc7 Ke4 35. a5 Kxe3 36. a6 Kd4 37. Rc6 d5 38. Rxg6 Ra2 39. Rc6 c2 40.
a7 Kd3 
0-1

[Event "Eliteserien 2008-2009"]
[Site "Haraldsheim"]
[Date "2008.11.07"]
[Round "5"]
[White "Kovachev, Daniel Jakobsen"]
[Black "Haugli, Petter"]
[Result "0-1"]
[WhiteElo "2265"]
[BlackElo "2229"]
[PlyCount "118"]
[EventDate "2008.??.??"]

1. e4 c5 2. Nf3 e6 3. d4 cxd4 4. Nxd4 Bc5 5. Nc3 Qb6 6. Na4 Qa5+ 7. c3 Bxd4 8.
Qxd4 Nf6 9. Nc5 O-O 10. Nb3 Qh5 11. Bd3 d5 12. exd5 Nxd5 13. O-O Nc6 14. Qe4 b6
15. Be2 Qe5 16. Qxe5 Nxe5 17. c4 Ne7 18. Bf4 N7g6 19. Be3 Ba6 20. Nd2 Rfd8 21.
b4 Rac8 22. b5 Bb7 23. a4 Nh4 24. Bg5 f6 25. Bxh4 Rxd2 26. Rfe1 Nxc4 27. Bg3 e5
28. Bg4 Rc5 29. Rec1 Bd5 30. Rc3 Na5 31. Rxc5 bxc5 32. f3 Nb3 33. Be1 Nxa1 34.
Bxd2 Nb3 35. Bc3 Nd4 36. Kf2 Kf7 37. Bc8 Ke7 38. Ba5 Kd6 39. b6 axb6 40. Bxb6
Ba8 41. Ke3 Kc6 42. Ba7 Nc2+ 43. Kd2 Nb4 44. Bf5 g6 45. Be4+ Nd5 46. Bb8 Kd7
47. a5 Ke6 48. a6 f5 49. Bxd5+ Kxd5 50. Kc3 g5 51. Bc7 h5 52. Bd8 g4 53. Be7
gxf3 54. gxf3 Ke6 55. Bxc5 Bxf3 56. Kd2 f4 57. Ke1 Bc6 58. h3 e4 59. a7 e3 
0-1

[Event "Eliteserien 2008-2009"]
[Site "Haraldsheim"]
[Date "2008.11.07"]
[Round "5"]
[White "Røyset, Jon Kr."]
[Black "Richter, Michael"]
[Result "1/2-1/2"]
[WhiteElo "2076"]
[BlackElo "2365"]
[PlyCount "151"]
[EventDate "2008.??.??"]

1. e4 c5 2. Nf3 Nc6 3. Nc3 e5 4. Bc4 Be7 5. d3 Nf6 6. g4 d6 7. h3 Be6 8. g5
Nxe4 9. Nxe4 d5 10. Bb5 dxe4 11. Bxc6+ bxc6 12. dxe4 Qc7 13. Qd3 Rb8 14. c4 O-O
15. b3 f5 16. gxf6 Rxf6 17. Ng5 Rd8 18. Nxe6 Rxe6 19. Qe2 Bh4 20. Be3 Qa5+ 21.
Kf1 Rf6 22. Rh2 Bg3 23. Rg2 Bf4 24. Kg1 Qc3 25. Qe1 Qxe1+ 26. Rxe1 Bxe3 27.
Rxe3 Rd1+ 28. Kh2 Kf7 29. Re2 g6 30. Rg3 Ke6 31. Kg2 Rf8 32. Rge3 Rfd8 33. Kg3
a5 34. a4 Rb1 35. Rf3 Rg1+ 36. Kh2 Rdd1 37. Rg3 Rh1+ 38. Kg2 Rdg1+ 39. Kf3 Rb1
40. Kg4 h6 41. Rd3 Rbg1+ 42. Rg3 Rd1 43. Kh4 Kf6 44. Ree3 Rd4 45. Rg4 Kg7 46.
Rgg3 Rh2 47. Re2 Rd1 48. Kg4 h5+ 49. Kg5 Rd7 50. Rf3 Rg2+ 51. Rg3 Rxg3+ 52.
fxg3 Rd3 53. g4 Rxh3 54. Rd2 hxg4 55. Rd7+ Kf8 56. Kxg4 Rxb3 57. Kg5 Rc3 58.
Kxg6 Rxc4 59. Kf5 Rxa4 60. Rc7 Rb4 61. Rxc6 Ke7 62. Rxc5 Rb6 63. Rxe5+ Kf7 64.
Rxa5 Rc6 65. Ra7+ Ke8 66. e5 Rb6 67. Rh7 Ra6 68. Rg7 Rb6 69. Rg6 Rxg6 70. Kxg6
Ke7 71. Kf5 Kf7 72. e6+ Ke7 73. Ke5 Ke8 74. Kd6 Kd8 75. e7+ Ke8 76. Ke6 
1/2-1/2

[Event "Eliteserien 2008-2009"]
[Site "Haraldsheim"]
[Date "2008.11.07"]
[Round "5"]
[White "David, Edwin"]
[Black "Jæger, Frode Bull"]
[Result "1/2-1/2"]
[WhiteElo "2139"]
[BlackElo "2031"]
[PlyCount "39"]
[EventDate "2008.??.??"]

1. d4 Nf6 2. Nc3 d5 3. Bg5 e6 4. Nf3 Be7 5. Qd3 O-O 6. O-O-O c5 7. dxc5 Nbd7 8.
Nd2 Nxc5 9. Qd4 a6 10. Bxf6 gxf6 11. Qg4+ Kh8 12. Nf3 b5 13. b4 Na4 14. Nxa4
bxa4 15. e3 e5 16. Qh5 Bxb4 17. Rxd5 Ba3+ 18. Kd2 Bg4 19. Qxg4 Qxd5+ 20. Bd3
1/2-1/2

[Event "Eliteserien 2008-2009"]
[Site "Haraldsheim"]
[Date "2008.11.07"]
[Round "5"]
[White "Simula, Leon"]
[Black "Lundeby, Øyvind Andersen"]
[Result "1-0"]
[WhiteElo "2062"]
[BlackElo "2189"]
[PlyCount "79"]
[EventDate "2008.??.??"]

1. d4 d5 2. c4 c6 3. Nf3 Nf6 4. Nc3 e6 5. Bg5 Nbd7 6. e3 Qa5 7. Nd2 dxc4 8.
Bxf6 Nxf6 9. Bxc4 Be7 10. O-O O-O 11. Nf3 Rd8 12. a3 c5 13. Qb3 a6 14. a4 cxd4
15. exd4 Qb4 16. Qa2 Qd6 17. Rad1 Nd5 18. Rfe1 Nxc3 19. bxc3 Bf6 20. Qb3 Rb8
21. Ne5 Bd7 22. Rb1 Bxe5 23. Rxe5 Bc6 24. a5 Rbc8 25. Rbe1 h6 26. Rxe6 fxe6 27.
Rxe6 Qd5 28. Re5 Qxc4 29. Qxc4+ Bd5 30. Qd3 Re8 31. f4 Rxe5 32. dxe5 Bc6 33. f5
Bb5 34. Qd5+ Kh8 35. Qf7 Rd8 36. f6 Rd1+ 37. Kf2 gxf6 38. exf6 Rd2+ 39. Kg3 Rd7
40. Qg6 
1-0

[Event "Eliteserien 2008-2009"]
[Site "Haraldsheim"]
[Date "2008.11.07"]
[Round "5"]
[White "Vea, Odin Blikra"]
[Black "Søraas, Torben"]
[Result "0-1"]
[WhiteElo "2134"]
[BlackElo "2111"]
[PlyCount "54"]
[EventDate "2008.??.??"]

1. e4 e6 2. d4 d5 3. Nd2 dxe4 4. Nxe4 Nd7 5. Nf3 Ngf6 6. Nxf6+ Nxf6 7. g3 b6 8.
Ne5 Bb7 9. Bb5+ c6 10. Qf3 Qd5 11. Qxd5 Nxd5 12. Bxc6+ Bxc6 13. Nxc6 Rc8 14.
Nxa7 Rxc2 15. O-O Be7 16. Be3 Rxb2 17. Rfb1 Rxb1+ 18. Rxb1 Kd7 19. Rc1 Ra8 20.
Nc6 Bd6 21. Ne5+ Bxe5 22. dxe5 Nxe3 23. fxe3 Rxa2 24. Rf1 Kc6 25. Rxf7 b5 26.
Re7 b4 27. Rxe6+ Kc5 
0-1

[Event "Eliteserien 2008-2009"]
[Site "Haraldsheim"]
[Date "2008.11.07"]
[Round "5"]
[White "Furu, Thormod"]
[Black "Ulrichsen, Jarl H"]
[Result "1/2-1/2"]
[WhiteElo "1871"]
[BlackElo "2115"]
[PlyCount "41"]
[EventDate "2008.??.??"]

1. e4 c6 2. c4 d5 3. exd5 cxd5 4. cxd5 Qxd5 5. Nc3 Qa5 6. Qb3 Nc6 7. Bc4 e6 8.
Nf3 Nf6 9. O-O Be7 10. a3 O-O 11. d4 a6 12. d5 exd5 13. Nxd5 Nxd5 14. Bxd5 Bf6
15. Bd2 Qb5 16. Qxb5 axb5 17. Bc3 Bg4 18. Bxc6 bxc6 19. Ne5 Bxe5 20. Bxe5 Rfe8
21. Rfe1 
1/2-1/2

[Event "Eliteserien 2008-2009"]
[Site "Haraldsheim"]
[Date "2008.11.07"]
[Round "6"]
[White "Hammer, Jon Ludvig"]
[Black "Djurhuus, Rune"]
[Result "1-0"]
[WhiteElo "2565"]
[BlackElo "2459"]
[PlyCount "51"]
[EventDate "2008.??.??"]

1. Nf3 c5 2. e4 d6 3. Bb5+ Bd7 4. Bxd7+ Qxd7 5. c4 e5 6. Nc3 Nc6 7. O-O Nge7 8.
Nd5 Nxd5 9. cxd5 Ne7 10. b4 b6 11. bxc5 bxc5 12. d3 Ng6 13. Nd2 Be7 14. Nc4 O-O
15. f3 f5 16. Rb1 Rfb8 17. Bd2 f4 18. Rb3 Qc8 19. Qc2 Rxb3 20. Qxb3 Rb8 21. Qa4
a6 22. Qc6 Qxc6 23. dxc6 Rc8 24. Rb1 Rxc6 25. Rb7 Kf7 26. Ba5 
1-0

[Event "Eliteserien 2008-2009"]
[Site "Haraldsheim"]
[Date "2008.11.07"]
[Round "6"]
[White "Moen, Andreas G.R."]
[Black "Skrondal, Inge Sandstad"]
[Result "1-0"]
[WhiteElo "2341"]
[BlackElo "2179"]
[PlyCount "37"]
[EventDate "2008.??.??"]

1. e4 c5 2. Nf3 g6 3. d4 cxd4 4. Qxd4 Nf6 5. e5 Nc6 6. Qa4 Nd5 7. Qe4 Ndb4 8.
Bb5 Qa5 9. Nc3 a6 10. Ba4 d5 11. exd6 Bf5 12. d7+ Bxd7 13. a3 f5 14. Qc4 b5 15.
axb4 Nxb4 16. Bxb5 Bxb5 17. Nxb5 Qxa1 18. Nc7+ Kd8 19. O-O 
1-0

[Event "Eliteserien 2008-2009"]
[Site "Haraldsheim"]
[Date "2008.11.07"]
[Round "6"]
[White "Thorstensen, Trond"]
[Black "Trygstad, Kristian D."]
[Result "1/2-1/2"]
[WhiteElo "2175"]
[BlackElo "2319"]
[PlyCount "94"]
[EventDate "2008.??.??"]

1. d4 f5 2. c4 e6 3. Nc3 Nf6 4. Nf3 Be7 5. Bf4 O-O 6. h3 b6 7. e3 Bb7 8. Qc2
Ne4 9. Bd3 Bb4 10. O-O Bxc3 11. bxc3 d6 12. Ne1 Nd7 13. f3 Nef6 14. Bh2 Qe7 15.
Rb1 Rac8 16. e4 fxe4 17. fxe4 e5 18. Nf3 Nh5 19. c5 Nf4 20. cxd6 cxd6 21. Bxf4
Rxf4 22. Nd2 Rxf1+ 23. Rxf1 Nf6 24. Qb3+ Kh8 25. Qa3 Qc7 26. Nc4 Bxe4 27. Bxe4
Qxc4 28. Bf5 Qxc3 29. Qxd6 Re8 30. Bd7 Nxd7 31. Qxd7 Qxd4+ 32. Qxd4 exd4 33.
Rf7 Rd8 34. Kf2 a6 35. Rb7 d3 36. Ke1 b5 37. Ra7 h5 38. Rxa6 Rd5 39. Ra5 Rg5
40. g4 hxg4 41. hxg4 Rxg4 42. Rxb5 Rg1+ 43. Kd2 Rg2+ 44. Kxd3 Rxa2 45. Ke3 Kh7
46. Kf3 Kh6 47. Kg3 Ra3+ 
1/2-1/2

[Event "Eliteserien 2008-2009"]
[Site "Haraldsheim"]
[Date "2008.11.07"]
[Round "6"]
[White "Persson, Mats"]
[Black "Andersen, Alf Roger"]
[Result "0-1"]
[WhiteElo "2152"]
[BlackElo "2197"]
[PlyCount "126"]
[EventDate "2008.??.??"]

1. e4 d6 2. d4 Nf6 3. f3 e5 4. dxe5 dxe5 5. Qxd8+ Kxd8 6. Bc4 Ke8 7. Be3 Nbd7
8. Nd2 Bc5 9. Nf1 Bxe3 10. Nxe3 Nb6 11. Ne2 Nfd7 12. Nc1 f6 13. Nd3 Nxc4 14.
Nxc4 Nf8 15. Kf2 b6 16. Nb4 Ne6 17. Rhd1 Bb7 18. Ne3 Rd8 19. Rxd8+ Kxd8 20.
Rd1+ Ke8 21. Rd3 Rf8 22. Nbd5 c6 23. Nc3 g6 24. Ne2 Ke7 25. Ra3 Ra8 26. Rd3 Ba6
27. Rd2 h5 28. h4 Rf8 29. Nc3 Nd4 30. Nf1 g5 31. Ne3 gxh4 32. Ncd1 Bc8 33. c3
Nb5 34. Nc4 Rd8 35. Rxd8 Kxd8 36. a4 Nc7 37. Nd6 Be6 38. Ne3 Kd7 39. Ndf5 a5
40. Nxh4 Na6 41. Nhf5 Nc5 42. Ng7 Nd3+ 43. Ke2 Nxb2 44. Nxh5 Ke7 45. Ng7 Nxa4
46. Kd2 b5 47. g3 Nb6 48. Kc2 Kf7 49. Nxe6 Kxe6 50. f4 Na4 51. Ng4 Nc5 52. Nf2
exf4 53. gxf4 a4 54. Kb2 f5 55. e5 Kd5 56. Ka3 Kc4 57. Nd1 Ne6 58. Ne3+ Kxc3
59. Nxf5 Nxf4 60. Ng7 b4+ 61. Ka2 b3+ 62. Kb1 a3 63. e6 a2+ 
0-1

[Event "Eliteserien 2008-2009"]
[Site "Haraldsheim"]
[Date "2008.11.07"]
[Round "6"]
[White "Briseid, Håkon"]
[Black "Stubberud, Ørnulf"]
[Result "0-1"]
[WhiteElo "1897"]
[BlackElo "2198"]
[PlyCount "96"]
[EventDate "2008.??.??"]

1. d4 Nf6 2. c4 g6 3. Nc3 Bg7 4. e4 d6 5. f3 O-O 6. Be3 e5 7. Nge2 Nbd7 8. Qd2
c6 9. O-O-O a6 10. g4 b5 11. Ng3 Qa5 12. Kb1 bxc4 13. h4 exd4 14. Bxd4 Ne5 15.
Be2 Rb8 16. h5 Nd3 17. Bxd3 cxd3 18. Nd5 Qd8 19. Nxf6+ Bxf6 20. Qxd3 c5 21. Bc3
Be6 22. Rh2 Qe7 23. Rg1 Be5 24. Bxe5 dxe5 25. hxg6 fxg6 26. Nf5 Qc7 27. Qc3
Rfd8 28. f4 Rb4 29. Qxe5 Qxe5 30. fxe5 Rxe4 31. Ne7+ Kg7 32. Rgh1 Rh8 33. Nc6
Bd7 34. Na5 Bxg4 35. Rd2 Rxe5 36. Nc4 Re4 37. b3 h5 38. Rd5 h4 39. Rxc5 h3 40.
Rc7+ Kf6 41. Nd6 Re7 42. Rc6 h2 43. Rc4 Kg5 44. Rc2 Rd7 45. Ne4+ Kf4 46. Nf6
Rd1+ 47. Rxd1 Bxd1 48. Rf2+ Bf3 
0-1

[Event "Eliteserien 2008-2009"]
[Site "Haraldsheim"]
[Date "2008.11.07"]
[Round "6"]
[White "Ekeberg, Carl Fr."]
[Black "Hansen, Torbjørn R."]
[Result "1/2-1/2"]
[WhiteElo "2335"]
[BlackElo "2433"]
[PlyCount "147"]
[EventDate "2008.??.??"]

1. Nf3 Nf6 2. c4 g6 3. Nc3 Bg7 4. e4 d6 5. d4 O-O 6. Be2 e5 7. O-O exd4 8. Nxd4
Re8 9. f3 c6 10. Nc2 Na6 11. Be3 Nh5 12. g4 Nf6 13. Qd2 h5 14. g5 Nh7 15. Rad1
Bh3 16. Rfe1 Qa5 17. a3 Rad8 18. b4 Qe5 19. Nd4 Nc7 20. f4 Qe7 21. Bf3 Ne6 22.
Nde2 f6 23. gxf6 Qxf6 24. Kh1 Neg5 25. Bd4 Nxf3 26. Bxf6 Nxd2 27. Bxd8 Nf3 28.
Bc7 Nxe1 29. Rxe1 Bg4 30. e5 Bf3+ 31. Kg1 dxe5 32. fxe5 Bxe5 33. Bxe5 Rxe5 34.
Kf2 Bxe2 35. Rxe2 Rxe2+ 36. Nxe2 Kf7 37. b5 cxb5 38. cxb5 Ke6 39. Nf4+ Kd6 40.
Nxg6 Kc5 41. Nf4 Kxb5 42. Nxh5 Ka4 43. Ke2 Kxa3 44. Kd3 Kb3 45. Kd2 a5 46. Kc1
a4 47. Kb1 a3 48. Nf4 Nf6 49. Nd3 b5 50. h4 b4 51. Nc1+ Kc4 52. Ka2 Nh5 53. Nb3
Kc3 54. Nc5 Nf4 55. Nb3 Kd3 56. Na1 Kc4 57. Nb3 Kc3 58. Na5 Ne2 59. Nb3 Kc4 60.
Nd2+ Kd3 61. Nb3 Nc3+ 62. Ka1 Kc4 63. Nd2+ Kd5 64. Nb3 Ke5 65. Na5 Kf4 66. h5
Kg5 67. Nc4 Nb5 68. Ka2 Kxh5 69. Ne3 Nc3+ 70. Kb3 a2 71. Nc2 Kh6 72. Kxb4 Kh7
73. Kxc3 a1=Q+ 74. Nxa1 
1/2-1/2

[Event "Eliteserien 2008-2009"]
[Site "Haraldsheim"]
[Date "2008.11.07"]
[Round "6"]
[White "Bae, Torstein"]
[Black "Aulin-Jansson, Jøran"]
[Result "1-0"]
[WhiteElo "2376"]
[BlackElo "2183"]
[PlyCount "63"]
[EventDate "2008.??.??"]

1. e4 e5 2. Nf3 Nc6 3. Bc4 Nf6 4. d3 d5 5. exd5 Nxd5 6. O-O Be7 7. Re1 Bg4 8.
h3 Bh5 9. g4 Bg6 10. Nxe5 Nxe5 11. Rxe5 Nb6 12. Bb3 Kf8 13. Nc3 Bd6 14. Re1 h5
15. g5 h4 16. Qg4 Bh5 17. Qg2 c6 18. Bd2 a5 19. a4 Qd7 20. f4 Nc8 21. Ne4 Bc7
22. f5 Ne7 23. f6 Nf5 24. fxg7+ Kxg7 25. Bc3+ Kg6 26. Rf1 Rh7 27. Rxf5 Qxf5 28.
Rf1 Bf4 29. Bd2 Bxd2 30. Rxf5 Be3+ 31. Rf2 Rg7 32. Kh2 
1-0

[Event "Eliteserien 2008-2009"]
[Site "Haraldsheim"]
[Date "2008.11.07"]
[Round "6"]
[White "Diesen, Bruce"]
[Black "Urkedal, Frode Olav Olsen"]
[Result "0-1"]
[WhiteElo "2141"]
[BlackElo "2276"]
[PlyCount "62"]
[EventDate "2008.??.??"]

1. e4 c5 2. Nf3 d6 3. d4 cxd4 4. Nxd4 Nf6 5. Nc3 a6 6. Be3 e6 7. Qd2 b5 8. a3
Bb7 9. f3 Nbd7 10. g4 Nb6 11. O-O-O Rc8 12. h4 Be7 13. g5 Nfd7 14. h5 Ne5 15.
Rg1 g6 16. f4 Nec4 17. Bxc4 Nxc4 18. Qd3 Qa5 19. f5 gxf5 20. exf5 b4 21. Nb3
Qe5 22. Bd4 Qf4+ 23. Kb1 bxc3 24. Bxh8 Be4 25. Qg3 Qxf5 26. Nd4 Nxa3+ 27. bxa3
Qa5 28. Rd3 Bxd3 29. cxd3 Qb6+ 30. Kc2 Qb2+ 31. Kd1 Qd2# 
0-1

[Event "Eliteserien 2008-2009"]
[Site "Haraldsheim"]
[Date "2008.11.07"]
[Round "6"]
[White "Bjerke, Silje"]
[Black "Mihajlov, Svetoslav"]
[Result "1-0"]
[WhiteElo "2226"]
[BlackElo "2046"]
[PlyCount "47"]
[EventDate "2008.??.??"]

1. e4 c5 2. Nf3 e6 3. d4 cxd4 4. Nxd4 a6 5. Nc3 Qc7 6. Be2 Nf6 7. O-O Nc6 8.
Be3 d6 9. f4 Be7 10. Kh1 O-O 11. a4 Bd7 12. Nb3 b6 13. Bf3 Rab8 14. g4 Bc8 15.
g5 Nd7 16. Bg2 Re8 17. Rf3 g6 18. Qe1 Nb4 19. Qf2 Bb7 20. Rh3 d5 21. Bd4 e5 22.
fxe5 Nxe5 23. Bxb6 Ng4 24. Qh4 
1-0

[Event "Eliteserien 2008-2009"]
[Site "Haraldsheim"]
[Date "2008.11.07"]
[Round "6"]
[White "Strand, Kjetil"]
[Black "Kvisla, Johannes"]
[Result "0-1"]
[WhiteElo "1975"]
[BlackElo "2212"]
[PlyCount "88"]
[EventDate "2008.??.??"]

1. e4 c5 2. Nf3 a6 3. d4 cxd4 4. Nxd4 e5 5. Ne2 Nf6 6. Nbc3 Bc5 7. Ng3 d6 8.
Bc4 Ng4 9. Qf3 Bxf2+ 10. Ke2 Qc7 11. Bd5 Bxg3 12. Qxg3 h5 13. h3 h4 14. Qd3 Nf6
15. Bg5 Nh5 16. Raf1 Ng3+ 17. Kd1 Nxf1 18. Rxf1 f6 19. Be3 Bd7 20. Bb3 Bc6 21.
Qc4 Qe7 22. Nd5 Bxd5 23. Qxd5 Nc6 24. Ba4 Rc8 25. Bb6 Kf8 26. c3 Nd8 27. Bb3 g5
28. Rf3 Kg7 29. g3 hxg3 30. Rxg3 Nf7 31. Qd2 Rh6 32. Rd3 Rc6 33. Ba5 Qd7 34.
Qg2 Nh8 35. c4 Ng6 36. Bd2 b5 37. cxb5 axb5 38. Rg3 Rc8 39. Rd3 Rch8 40. Bb4
Rxh3 41. Rxd6 Rd3+ 42. Rxd3 Qxd3+ 43. Bd2 Nf4 44. Qg1 Rd8 
0-1

[Event "Eliteserien 2008-2009"]
[Site "Haraldsheim"]
[Date "2008.11.07"]
[Round "6"]
[White "Guttulsrud, Odd Martin"]
[Black "Tari, Aryan"]
[Result "1-0"]
[WhiteElo "1952"]
[BlackElo "1697"]
[PlyCount "115"]
[EventDate "2008.??.??"]

1. e4 c5 2. Nf3 d6 3. d4 cxd4 4. Nxd4 Nf6 5. Nc3 a6 6. Be2 e6 7. a4 Be7 8. O-O
Qc7 9. Be3 b6 10. f4 Nbd7 11. Bf3 Bb7 12. Qe2 O-O 13. g4 Nc5 14. Bf2 h6 15. g5
hxg5 16. fxg5 Nfd7 17. b4 Nb3 18. cxb3 Qxc3 19. Rac1 Qxb4 20. Rc7 Nc5 21. Rxe7
Rfc8 22. Nc2 Qxb3 23. g6 fxg6 24. Nd4 Qxa4 25. Nxe6 Nxe6 26. Rxe6 Qc6 27. Bd4
Qc4 28. Qxc4 Rxc4 29. Bxb6 Rf8 30. Rxd6 Bxe4 31. Bxe4 Rxf1+ 32. Kxf1 Rxe4 33.
Rxg6 Kf7 34. Rg5 Rb4 35. Bf2 Rb8 36. Rc5 Rd8 37. Rc6 Rd1+ 38. Kg2 a5 39. Rc5 a4
40. Ra5 Ra1 41. Ra7+ Kg6 42. Rxg7+ Kh6 43. Be3+ Kxg7 44. Bd4+ Kf7 45. Bxa1 Kg6
46. Bb2 Kh5 47. Kg3 Kg5 48. h4+ Kh5 49. Ba3 Kh6 50. Kg4 Kg6 51. h5+ Kh6 52. Bb2
Kh7 53. Kg5 a3 54. Bxa3 Kg7 55. h6+ Kh7 56. Bb2 Kg8 57. Kg6 Kf8 58. h7 
1-0

[Event "Eliteserien 2008-2009"]
[Site "Haraldsheim"]
[Date "2008.11.07"]
[Round "6"]
[White "Richter, Michael"]
[Black "Gullaksen, Eirik"]
[Result "1/2-1/2"]
[WhiteElo "2365"]
[BlackElo "2387"]
[PlyCount "165"]
[EventDate "2008.??.??"]

1. d4 Nf6 2. Bg5 Ne4 3. Bf4 c5 4. f3 Qa5+ 5. c3 Nf6 6. d5 Qb6 7. Bc1 e6 8. c4
Qb4+ 9. Bd2 Qxb2 10. Nc3 Qb6 11. e4 d6 12. f4 e5 13. f5 h5 14. Nf3 Be7 15. Bd3
Na6 16. O-O Qd8 17. Bc2 Nc7 18. Rb1 Rb8 19. Be1 a6 20. Ba4+ Kf8 21. Qd3 Bd7 22.
Bc2 Be8 23. a4 b6 24. Bg3 Nd7 25. Rb2 a5 26. Bd1 Na6 27. h4 Nb4 28. Qe3 Rb7 29.
Ng5 Nf6 30. Qd2 Ng4 31. Be1 Nf6 32. Rb1 Rh6 33. Ne2 Bd7 34. Ng3 Qe8 35. Ra1 Bd8
36. Ra3 Ra7 37. Qc1 Rb7 38. Bd2 Rh8 39. Qc3 Ra7 40. Qb3 Rb7 41. Be2 Ra7 42. Qd1
Ra8 43. Nxh5 Ra7 44. g4 Nxh5 45. gxh5 Bf6 46. Qb3 Ke7 47. Bd1 Kd8 48. Qg3 Qe7
49. Nh3 Kc7 50. Bg5 Raa8 51. Qg2 Rh7 52. Kf2 Rah8 53. Ke1 Be8 54. Kd2 Qd8 55.
Kc1 Qe7 56. Kb2 Qd8 57. Nf2 Be7 58. Rg3 f6 59. Bd2 Bxh5 60. Bxh5 Rxh5 61. Rxg7
Qe8 62. Bxb4 cxb4 63. Qg6 Kd8 64. Qxe8+ Kxe8 65. Rg4 Rxh4 66. Rxh4 Rxh4 67. Rh1
Rf4 68. Rh2 Bf8 69. Kc2 Rf3 70. Nd1 Bg7 71. Rh7 Kf8 72. Rh2 Ra3 73. Nb2 Rc3+
74. Kd2 Rb3 75. Kc2 Rc3+ 76. Kb1 Re3 77. Rh4 b3 78. Rh1 Rxe4 79. Nd3 Re3 80.
Ne1 Rc3 81. Kb2 Rxc4 82. Kxb3 Rb4+ 83. Ka3 
1/2-1/2

[Event "Eliteserien 2008-2009"]
[Site "Haraldsheim"]
[Date "2008.11.07"]
[Round "6"]
[White "Bern, Ivar"]
[Black "Lundeby, Øyvind Andersen"]
[Result "1/2-1/2"]
[WhiteElo "2252"]
[BlackElo "2189"]
[PlyCount "72"]
[EventDate "2008.??.??"]

1. Nf3 d5 2. d4 Nc6 3. Bf4 Bg4 4. e3 e6 5. Be2 Bd6 6. Bg3 Nf6 7. Nbd2 O-O 8. c3
Re8 9. b4 Bxf3 10. gxf3 e5 11. b5 Nb8 12. dxe5 Bxe5 13. Bxe5 Rxe5 14. Nf1 c5
15. bxc6 Nxc6 16. Rb1 Re7 17. Ng3 g6 18. Qa4 Qd6 19. O-O Qe5 20. Rfc1 Qg5 21.
h4 Qe5 22. f4 Qe6 23. h5 Qh3 24. f5 Ne4 25. Bf1 Qg4 26. fxg6 Ne5 27. Bg2 Nf3+
28. Bxf3 Qxf3 29. Nxe4 Rxe4 30. gxf7+ Qxf7 31. Rb4 Rf8 32. Rxe4 Qxf2+ 33. Kh1
Qf3+ 34. Kh2 Qf2+ 35. Kh1 Qf3+ 36. Kh2 Qf2+ 
1/2-1/2

[Event "Eliteserien 2008-2009"]
[Site "Haraldsheim"]
[Date "2008.11.07"]
[Round "6"]
[White "Kolås, Tore"]
[Black "Borchgrevink, Harald B"]
[Result "0-1"]
[WhiteElo "2144"]
[BlackElo "2271"]
[PlyCount "52"]
[EventDate "2008.??.??"]

1. e4 c5 2. Nf3 Nc6 3. d4 cxd4 4. Nxd4 e5 5. Nb5 d6 6. N1c3 a6 7. Na3 b5 8. Nd5
Nge7 9. c4 Nd4 10. cxb5 Nxd5 11. exd5 Be7 12. Bc4 O-O 13. bxa6 Bxa6 14. O-O Qc7
15. Bxa6 Rxa6 16. Be3 Bf6 17. Qd3 Qb7 18. f4 e4 19. Qxe4 Qxb2 20. Nc4 Qc3 21.
Rac1 Ne2+ 22. Kh1 Nxc1 23. Rxc1 Qb4 24. a3 Rxa3 25. Qf5 Rxe3 26. Nxe3 Qd2 
0-1

[Event "Eliteserien 2008-2009"]
[Site "Haraldsheim"]
[Date "2008.11.07"]
[Round "6"]
[White "Hagesæther, Halvard"]
[Black "Vea, Odin Blikra"]
[Result "0-1"]
[WhiteElo "2238"]
[BlackElo "2134"]
[PlyCount "104"]
[EventDate "2008.??.??"]

1. e4 c5 2. Nf3 Nc6 3. Bb5 Na5 4. O-O a6 5. Be2 b5 6. a4 b4 7. d4 cxd4 8. Nxd4
Bb7 9. e5 e6 10. c3 Qc7 11. Bf4 Bc5 12. cxb4 Bxd4 13. bxa5 Bxe5 14. Bxe5 Qxe5
15. Bf3 Bxf3 16. Qxf3 Rb8 17. Na3 Nf6 18. Qd3 Qxa5 19. Nc4 Qd5 20. Qe2 O-O 21.
Rfd1 Qc5 22. Ra3 Rfc8 23. Nd6 Qc2 24. Qf3 Rc6 25. Rad3 Rxb2 26. Nxf7 Kxf7 27.
Rxd7+ Ke8 28. Rd8+ Ke7 29. Qa3+ Rc5 30. Qg3 Rd5 31. R8xd5 Nxd5 32. Qxg7+ Kd6
33. Qf8+ Kc7 34. Re1 Rb1 35. Qf7+ Kb8 36. Qxe6 Rxe1+ 37. Qxe1 Qxa4 38. Qb1+ Qb5
39. Qxh7 a5 40. h4 a4 41. Qg7 Nc7 42. g4 Kb7 43. Qe7 Qb3 44. Qe4+ Nd5 45. h5 a3
46. h6 a2 47. Qd4 Qb1+ 48. Kh2 a1=Q 49. Qxd5+ Ka7 50. Qc5+ Qb6 51. Qe7+ Ka8 52.
Qe4+ Qb7 
0-1

[Event "Eliteserien 2008-2009"]
[Site "Haraldsheim"]
[Date "2008.11.07"]
[Round "6"]
[White "Ulrichsen, Jarl H"]
[Black "Tjølsen, Katrine"]
[Result "1/2-1/2"]
[WhiteElo "2115"]
[BlackElo "2090"]
[PlyCount "120"]
[EventDate "2008.??.??"]

1. d4 d5 2. Bf4 Nf6 3. Nf3 c5 4. e3 Nc6 5. c3 Qb6 6. Qc1 Bf5 7. Be2 Nh5 8. Bg3
Nxg3 9. hxg3 h6 10. O-O e6 11. Nbd2 Be7 12. Nb3 c4 13. Nbd2 Qd8 14. Ne1 O-O 15.
f4 b5 16. g4 Bh7 17. Bf3 b4 18. Nxc4 bxc3 19. bxc3 Rc8 20. Nd2 Na5 21. Be2 Qc7
22. Ba6 Rb8 23. Bd3 Rfc8 24. Bxh7+ Kxh7 25. Nef3 Qxc3 26. Qxc3 Rxc3 27. Nb3
Nxb3 28. axb3 Rb7 29. Rfe1 Rcxb3 30. Ne5 Bb4 31. Re2 a5 32. Nc6 Rb5 33. Kf2 Rc3
34. Ne5 Kg8 35. Nf3 Kf8 36. Rb2 Ke7 37. Ke2 Rb6 38. Ne1 Rc7 39. Nd3 Rcb7 40.
Raa2 Kd6 41. Rc2 Rc7 42. Rcb2 f6 43. g3 Rc4 44. Rb1 Kc6 45. f5 Kb5 46. Nf4 e5
47. Nxd5 Rbc6 48. Kd3 exd4 49. exd4 Rc1 50. Rxc1 Rxc1 51. Nxb4 axb4 52. Ra7
Rc3+ 53. Kd2 Kc4 54. Rxg7 Rxg3 55. Rf7 Rg2+ 56. Kc1 Kc3 57. Rc7+ Kxd4 58. Rc6
Ke5 59. Re6+ Kf4 60. Rxf6 Rxg4 
1/2-1/2

[Event "Eliteserien 2008-2009"]
[Site "Haraldsheim"]
[Date "2008.11.07"]
[Round "6"]
[White "Martinsen, Stig K."]
[Black "Evensen, Tom R"]
[Result "1-0"]
[WhiteElo "2093"]
[BlackElo "1973"]
[PlyCount "47"]
[EventDate "2008.??.??"]

1. e4 c5 2. Nc3 Nc6 3. f4 g6 4. Nf3 Bg7 5. Bb5 e6 6. Bxc6 bxc6 7. e5 d5 8. d3
Ne7 9. O-O h5 10. Na4 Qa5 11. c4 Nf5 12. b3 Bf8 13. Rf2 Qb4 14. Bd2 Qb7 15. Rc1
Bd7 16. cxd5 cxd5 17. Nxc5 Qb6 18. b4 Rc8 19. Nxd7 Kxd7 20. Qa4+ Rc6 21. Rxc6
Qxc6 22. Qxa7+ Qc7 23. Qa4+ Qc6 24. b5 
1-0